| 000 | 00784nam a22002057a 4500 | ||
|---|---|---|---|
| 999 |
_c8828 _d8828 |
||
| 008 | 221101b ||||| |||| 00| 0 eng d | ||
| 020 | _a9781305577213 (hbk.) | ||
| 040 |
_aGUL _beng _cTOSD _dTOSD |
||
| 042 | _apcc | ||
| 082 |
_2615.056B16 _a23 |
||
| 100 | 1 |
_aSkoog, Douglas A., _eauthor. |
|
| 245 | 1 | 0 |
_aPrinciples of instrumental analysis _cDouglas A. Skoog, Stanford University, F. James Holler, University of Kentucky, Stanley R. Crouch, Michigan State University. |
| 250 | _aSeventh edition. | ||
| 300 |
_axix, 959 pages : _billustrations (some color) ; _c29 cm |
||
| 650 | 0 |
_aInstrumental analysis _vTextbooks. |
|
| 504 | _aIncludes bibliographical references and index. | ||
| 700 | 1 |
_aHoller, F. James, _eauthor. |
|
| 700 | 1 |
_aCrouch, Stanley R., _eauthor. |
|
| 942 |
_2ddc _cBOOK |
||